Grab Bag II Quiz Stats

 Plays Quiz Updated Jan 20, 2021

     
Support Sporcle.
Go Orange.
Score 0/39 Timer 06:00
4 Plays Today
Item % Correct
George W Bush
96.2%
New York
94.6%
Bill Clinton
93.8%
Barack Obama
92.1%
Donald Trump
91.7%
New Jersey
90.9%
New Mexico
89.5%
New Hampshire
89.3%
Joe Biden
85.8%
Jerry
84.4%
George
75.8%
Jimmy Carter
75.7%
Elaine
71.5%
Indiana Jones and the Temple of Doom
64%
Reading Railroad or King's Cross Station
60%
Raiders of the Lost Ark
59.3%
Larva
58.8%
Cosmo
57.6%
B & O Railroad or Fenchurch Street Station
51.5%
Indiana Jones and the Last Crusade
46.1%
Item % Correct
Pupa
42.8%
Pennsylvania Railroad or Marylebone Station
42.1%
Egg
39.4%
Indiana Jones and the Kingdom of the Crystal Skull
34.4%
Adult
32.6%
The Hitchhiker's Guide to the Galaxy
31.8%
Short Line or Liverpool Street Station
30.2%
Ionic
27.8%
Doric
24.5%
George Harrison
20.5%
Corinthian
20%
Tom Petty
19.8%
Roy Orbison
18.1%
Bob Dylan
18%
The Restaurant at the End of the Universe
12.7%
So Long, and Thanks For All the Fish
11.8%
Jeff Lynne
7.5%
Mostly Harmless
5.4%
Life, the Universe, and Everything
5.4%

From the Vault

Subcategory Multiple Choice: Language II

by metakoopa99

Only a true polyglot will get 100% on this.
Remove Ads.
Support Sporcle.
Get the best of Sporcle when you Go Orange. This ad-free experience offers more features, more stats, and more fun while also helping to support Sporcle. Thank you for becoming a member.

Show Comments

Extras

Top Quizzes Today


Score Distribution

Your Account Isn't Verified!

In order to create a playlist on Sporcle, you need to verify the email address you used during registration. Go to your Sporcle Settings to finish the process.

Report this User

Report this user for behavior that violates our Community Guidelines.

Details: